000 04574namaa22004211i 4500
003 OSt
005 20260418131326.0
008 250827s2025 ua a|||frm||| 000 0 eng d
040 _aEG-GICUC
_bara
_cEG-GICUC
_dEG-GICUC
_erda
041 0 _aara
_bara
_beng
049 _aإيداع
082 0 4 _a726.2
092 _a726.2
_221
097 _aدكتوراه‎
099 _aCai01.14.01.Ph.D.2025.مؤ.ع
100 0 _a،مؤمل سليم عزيز مرزة
_eإعداد.
245 1 2 _aالعمائر الدينية والخدمية الباقية لمدينة الكفل العراقية :
_bدراسة آثرية معمارية مقارنة /
_cإعداد مؤمل سليم عزيز مرزة؛ إشراف أ.د/ محمد حمزة اسماعيل الحداد.
246 1 5 _aReligious and service buildings remained from al-kifl iraqi city :
_bComparative archeological and architectural study /
264 0 _c2025.
300 _a863 صفحة :
_bإيضاحيات ؛
_c30 سم. +
_eCD.
336 _atext
_2rda content
337 _aUnmediated
_2rdamedia
338 _avolume
_2rdacarrier
502 _aأطروحة (دكتوراه)-جامعة القاهرة، 2025.
504 _aببليوجرافيا: صفحات 557 -590.
520 _aتهدف الدراسة إلى إماطة اللثام عن تاريخ مدينة الكفل العراقية التي تمتلك واحدة من أهم أيقونات العمارة وهي مئذنتها الشامخة هذا بالأضافة الى قبتها المقرنصة التي تعد رمز من رموز العمارة العراقية هي وأخواتها من القباب. هذا بالأضافة الى سوقها المسقف وخاناتها التي أدت وضيفتها على أكمل وجه في خدمة مرقدها، فهي قد اثرت في مجتمعها. فالعمارة تمثل حلقة الوصل الصلبة التي تربط الماضي بالحاضر وهي انعكاس لنتاج مجتمعها ، لذلك سوف نخوض في غمار بحثنا وسط هذه المنشآت العمارية الخاصة بالمدينة. وقد أقتضت طبيعة بحثنا تقسيمه الى ثلاثة أبواب، يشمل كل باب مجموعة من الفصول والمباحث، هذا بالأضافة الى تمهيد مهم عرفنا بشخصية النبي ذو الكفل وسبب تسميته ومراحل حياته وسبقنا التمهيد بمقدمة عرفنا فيها أهمية الموضوع وأسباب أختياره وكانت نهاية البحث بالخاتمة التي توصلنا بها الى أهم نتائج البحث التي أماطت اللثام عن كثير من أسرار الموقع.
520 _aThis study aims to uncover the history of the Iraqi city of Al-Kifl, which possesses one of the most important architectural icons: its towering minaret. This is in addition to its muqarnas dome, a symbol of Iraqi architecture, along with its sister domes. This is in addition to its covered market and its inns, which served its function to the fullest extent in serving its shrine, influencing its community. Architecture represents a solid link connecting the past to the present and is a reflection of the legacy of its society. Therefore, we will delve into these architectural structures unique to the city. The nature of our research necessitated dividing it into three chapters, each containing a set of sections and topics. This is in addition to an important introduction, which introduced the personality of the Prophet Dhu al-Kifl, the reason for his name, and the stages of his life. We preceded the introduction with an introduction, which explained the importance of the topic and the reasons for its selection. The research concluded with a conclusion, which reached the most important results, revealing many of the site's secrets.
530 _aصدر أيضًا كقرص مدمج.
546 _aالنص بالعربية والملخص باللغة الإنجليزية والعربية.
650 7 _aالمآذن
_2qrmak
_xعمارة
650 7 _aالعمارة الاسلامية
653 0 _aذو الكفل
_aحزقيل
_aالرحالة
700 0 _aمحمد حمزة اسماعيل الحداد
_eمشرف أطروحة.
900 _b27-03-2025
_cمحمد حمزة اسماعيل الحداد
_Uجامعة القاهرة
_Fكلية الآثار
_Dقسم الآثار الإسلامية
905 _aSara
_eAfaf
942 _2ddc
_cTH
_e21
_n0
999 _c179498